L'Organisation et le financement de l'entreprise publique et coopérative

Na minha lista:
Detalhes bibliográficos
Formato: Livro
Idioma:francês
Publicado em: Lieja Association Intercommunale de Mecanographie 1968
Assuntos:
Tags: Adicionar Tag
Sem tags, seja o primeiro a adicionar uma tag!

MARC

LEADER 00000nam a2200000 a 4500
001 UCT7755
003 CL-VaPUC
005 20241021100601.0
008 970317e19680000be 1 fre d
082 0 4 |a 338.7  |b LOR  |2 21 
245 1 2 |a L'Organisation et le financement de l'entreprise publique et coopérative 
260 |a Lieja  |b Association Intercommunale de Mecanographie  |c 1968 
300 |a 205 p 
583 |a last modification  |c 19970317 00:00:00  |k Rodrigo Vera 
650 0 0 |a Empresas públicas  |9 338439 
650 0 0 |a Economía   |9 255568 
650 0 0 |a Organización  |9 256369 
650 0 7 |a FINANCIAMIENTO  |2 CL-VaPUC  |9 358995 
650 0 0 |a COOPERACION ECONOMICA  |9 307939 
942 |c BK 
945 |a nastorga  |d 19970317 00:00:00 
546 |a En Francés 
518 |p Congrès International de l'Economie Collective, 8, Liège, Octubre, 1968 
999 |c 382823  |d 382821 
952 |0 0  |1 0  |4 0  |6 338_700000000000000_LOR_1968  |7 0  |8 A  |9 504715  |a BIBDER  |b BIBDER  |d 2020-01-23  |i 1810499  |o 338.7 LOR 1968  |p 1810499  |r 2023-01-25  |w 2020-01-23  |y BK  |k DER